000 01742nam a22002537a 4500
003 Uzh_bibl
008 260629b |||||||| |||| 00| 0 ukr d
020 _c0.70
040 _aукр.
041 _2ukr
_aukr
080 _a821(477)
090 _a821(477)
_bГ 85
100 _aГрипас, Володимир
245 _aЛисти зі штемпелем краба
_hТекст
260 _aДніпропетровськ
_bПромінь
_c1987
300 _a198 с.
_fВ опр.
520 _aКнигу складають дві повісті «Голубі лілеї» та «Листи зі штем пелем краба». Перша повість присвячена студентській молоді, кращі риси якої уособлені в образах головних героїв - Оксани і Сергія, котрі, навчаючись в університеті, готують себе до педагогічної роботи. Студентські літа їх осяяні романтичним юним коханням. У другій повісті читач зустрінеться з незвичайними випадками з практики лікаря швидкої допомоги, з проблемами, які постають перед мужніми трудівниками моря.
521 _aДля широкого кола читачів
546 _aукр.
650 _aЛітературно-художнє видання
_y1980-ті роки
_zУкраїна
653 _aСтуденти
_aКохання
_aЛікар
_aМоре
_aОбов'язок
655 _aЗбірка повістей
_vПовісті
942 _cBK
_2udc
999 _c18596
_d18596